[Event "Mecklenburg VP VL1819"]
[Site "Mecklenburg VP"]
[Date "2018.12.16"]
[Round "4.3"]
[White "Van Bentum, Horst"]
[Black "Hasselmann, Dieter"]
[Result "1/2-1/2"]
[WhiteElo "1945"]
[BlackElo "2075"]
[PlyCount "30"]
[EventDate "2018.10.21"]
[EventType "team-tourn"]
[EventRounds "9"]
[EventCountry "GER"]
[SourceTitle "EXT 2022"]
[Source "ChessBase"]
[SourceDate "2021.10.06"]
[SourceVersion "1"]
[SourceVersionDate "2021.10.06"]
[SourceQuality "1"]
[WhiteTeam "Graal Mueritz"]
[BlackTeam "Schwerin SF II"]
[WhiteTeamCountry "GER"]
[BlackTeamCountry "GER"]

1. e4 c6 2. Nc3 d5 3. Qf3 d4 4. Bc4 Nf6 5. e5 Nbd7 6. exf6 Ne5 7. Qe2 Nxc4 8. fxg7 Bxg7 9. Qxc4 dxc3 10. dxc3 Be6 11. Qb4 Qd5 12. Nf3 0-0-0 13. Be3 b6 14. Qxe7 Rd7 15. Qg5 f5 1/2-1/2

[Event "Mecklenburg VP VL 1718"]
[Site "Mecklenburg VP"]
[Date "2017.11.26"]
[Round "3.3"]
[White "Fischer, Torsten"]
[Black "Hasselmann, Dieter"]
[Result "1/2-1/2"]
[WhiteElo "1955"]
[BlackElo "2045"]
[PlyCount "64"]
[EventDate "2017.10.08"]
[EventType "team-tourn"]
[EventRounds "9"]
[EventCountry "GER"]
[SourceTitle "EXT 2022"]
[Source "ChessBase"]
[SourceDate "2021.10.06"]
[SourceVersion "1"]
[SourceVersionDate "2021.10.06"]
[SourceQuality "1"]
[WhiteTeam "Schwerin SF III"]
[BlackTeam "Schwerin SF II"]
[WhiteTeamCountry "GER"]
[BlackTeamCountry "GER"]

1. e4 e5 2. Nc3 Nf6 3. f4 d5 4. fxe5 Nxe4 5. d3 Nxc3 6. bxc3 d4 7. Nf3 Nc6 8. Bb2 Bc5 9. cxd4 Nxd4 10. c3 Nxf3+ 11. Qxf3 Qh4+ 12. g3 Qe7 13. d4 Ba3 14. Bxa3 Qxa3 15. Bc4 0-0 16. 0-0 Be6 17. Bd3 g6 18. Be4 c6 19. Rf2 Rad8 20. Rb1 Rd7 21. Rfb2 Qe7 22. Rf2 Rfd8 23. Rfb2 Bc4 24. Rb4 Ba6 25. R4b2 Qe6 26. Bc2 c5 27. Bb3 Qe7 28. Re1 c4 29. Ba4 Rd5 30. Rbe2 b5 31. Bc2 Bb7 32. Be4 b4 1/2-1/2

[Event "Mecklenburg VP LL2 West 1213"]
[Site "Mecklenburg VP"]
[Date "2012.12.09"]
[Round "4.1"]
[White "Hasselmann, Dieter"]
[Black "Schreiber, Kevin"]
[Result "1/2-1/2"]
[WhiteElo "2063"]
[BlackElo "1920"]
[PlyCount "64"]
[EventDate "2012.10.14"]
[EventType "team-tourn"]
[EventRounds "9"]
[EventCountry "GER"]
[SourceTitle "EXT 2022"]
[Source "ChessBase"]
[SourceDate "2021.10.06"]
[SourceVersion "1"]
[SourceVersionDate "2021.10.06"]
[SourceQuality "1"]
[WhiteTeam "Schwerin SF III"]
[BlackTeam "Mecklenburger Springer SC"]
[WhiteTeamCountry "GER"]
[BlackTeamCountry "GER"]

1. c4 e5 2. g3 d6 3. Bg2 g6 4. Nc3 Bg7 5. d3 c6 6. Nf3 f5 7. 0-0 Nf6 8. Bg5 h6 9. Bd2 0-0 10. b4 e4 11. Ne1 d5 12. cxd5 cxd5 13. Qb3 Kh7 14. d4 Be6 15. Rc1 Nh5 16. e3 Nc6 17. Na4 Bg8 18. Nc2 g5 19. Nc5 b6 20. b5 bxc5 21. bxc6 c4 22. Qa4 Rf6 23. Ba5 Qe8 24. Nb4 Bf8 25. f3 Bxb4 26. Qxb4 exf3 27. Bxf3 g4 28. Bg2 Rxc6 29. Qb7+ Ng7 30. Rb1 Qxe3+ 31. Kh1 Rac8 32. Qxa7 c3 1/2-1/2

[Event "Oberliga Nord N 0910"]
[Site "Germany"]
[Date "2009.12.13"]
[Round "4.4"]
[White "Hasselmann, Dieter"]
[Black "Schwarz, Frank"]
[Result "1-0"]
[WhiteElo "2131"]
[BlackElo "2199"]
[PlyCount "68"]
[EventDate "2009.10.18"]
[EventType "team-tourn"]
[EventRounds "9"]
[EventCountry "GER"]
[SourceTitle "EXT 2011"]
[Source "ChessBase"]
[SourceDate "2010.11.26"]
[SourceVersion "1"]
[SourceVersionDate "2010.11.26"]
[SourceQuality "1"]
[WhiteTeam "Schwerin"]
[BlackTeam "Preetz"]
[WhiteTeamCountry "GER"]
[BlackTeamCountry "GER"]

1. e4 e6 2. d4 d5 3. exd5 exd5 4. Nf3 Bd6 5. c4 c6 6. Nc3 Ne7 7. Bg5 f6 8. Bh4 0-0 9. Qb3 Kh8 10. Bg3 Re8 11. Be2 dxc4 12. Qxc4 Na6 13. 0-0-0 Nd5 14. Bd3 Be6 15. Ne4 Bf4+ 16. Bxf4 Nxf4 17. Qc3 Bxa2 18. Ng3 Bd5 19. Nh4 Qb6 20. Nhf5 Nb4 21. Bb1 Bxg2 22. Rhg1 Bd5 23. Nxg7 Re2 24. N7h5 Rc2+ 25. Qxc2 Nxc2 26. Bxc2 Nh3 27. Rge1 Qd8 28. Nf5 Bf3 29. Rd3 Bxh5 30. Rxh3 Bg6 31. Rg1 Qe8 32. Nd6 Qe6 33. Rxg6 Qxd6 34. Rxh7+ Kxh7 1-0

[Event "Mecklenburg VP LL 0708"]
[Site "Mecklenburg VP"]
[Date "2008.01.20"]
[Round "5.6"]
[White "Moeller, Peter"]
[Black "Hasselmann, Dieter"]
[Result "1/2-1/2"]
[WhiteElo "2009"]
[BlackElo "2025"]
[PlyCount "119"]
[EventDate "2007.10.21"]
[EventType "team-tourn"]
[EventRounds "9"]
[EventCountry "GER"]
[SourceTitle "EXT 2016"]
[Source "ChessBase"]
[SourceDate "2015.10.08"]
[SourceVersion "1"]
[SourceVersionDate "2015.10.08"]
[SourceQuality "1"]
[WhiteTeam "Rostock Uni"]
[BlackTeam "Schwerin SF"]
[WhiteTeamCountry "GER"]
[BlackTeamCountry "GER"]

1. Nf3 d5 2. g3 Nf6 3. Bg2 Bf5 4. d3 e6 5. Nbd2 Be7 6. 0-0 0-0 7. b3 Nbd7 8. Bb2 c6 9. Qe1 Nc5 10. Nh4 Bg6 11. Nxg6 hxg6 12. e4 Rc8 13. f4 Qb6 14. Kh1 Ng4 15. Bh3 Nh6 16. f5 gxf5 17. exf5 Rce8 18. f6 gxf6 19. Qe3 Kh7 20. Bxf6 Nd7 21. Bd4 Bc5 22. Bxc5 Qxc5 23. Qxc5 Nxc5 24. Nf3 e5 25. Rae1 e4 26. b4 Na6 27. dxe4 dxe4 28. Rxe4 Rxe4 29. Ng5+ Kg7 30. Nxe4 Nxb4 31. Rb1 Nxc2 32. Rxb7 Re8 33. Bg2 a5 34. Kg1 a4 35. Ra7 a3 36. Kf2 Ng4+ 37. Ke2 Nb4 38. Kd2 Nxh2 39. Rxa3 Nf1+ 40. Bxf1 Rxe4 41. Ra4 c5 42. a3 Rd4+ 43. Ke2 Re4+ 44. Kf3 Re1 45. Bc4 Rc1 46. Bxf7 Rc3+ 47. Kg4 Kxf7 48. axb4 Rc4+ 49. Kf5 cxb4 50. Ra7+ Kg8 51. Rb7 Rc5+ 52. Kg6 Rc6+ 53. Kh5 Rc5+ 54. Kh4 Rc4+ 55. g4 Rd4 56. Kh5 Rc4 57. g5 Rc6 58. Rxb4 Ra6 59. g6 Ra1 60. Kh6 1/2-1/2

[Event "Mecklenburg VP LL2 West 0708"]
[Site "Mecklenburg VP"]
[Date "2007.10.21"]
[Round "1.1"]
[White "Hasselmann, Dieter"]
[Black "Weyrich, Morten"]
[Result "1/2-1/2"]
[WhiteElo "2025"]
[BlackElo "2294"]
[PlyCount "61"]
[EventDate "2007.10.21"]
[EventType "team-tourn"]
[EventRounds "9"]
[EventCountry "GER"]
[SourceTitle "EXT 2016"]
[Source "ChessBase"]
[SourceDate "2015.10.08"]
[SourceVersion "1"]
[SourceVersionDate "2015.10.08"]
[SourceQuality "1"]
[WhiteTeam "Schwerin SF II"]
[BlackTeam "Schwerin SF III"]
[WhiteTeamCountry "GER"]
[BlackTeamCountry "GER"]

1. f4 d5 2. Nf3 c5 3. b3 Nf6 4. Bb2 Nbd7 5. e3 a6 6. c4 e6 7. Bd3 dxc4 8. bxc4 h6 9. Nc3 Be7 10. 0-0 0-0 11. Ne2 b6 12. f5 e5 13. Qc2 Qc7 14. Nc3 Bb7 15. e4 Rfd8 16. Nd5 Qd6 17. Qc3 Nxd5 18. cxd5 Bf6 19. Be2 b5 20. g4 c4 21. d3 Qc5+ 22. Rf2 cxd3 23. Qxd3 Rac8 24. Rc1 Qb6 25. h4 Rxc1+ 26. Bxc1 Be7 27. Kf1 Rc8 28. Bd2 Rc4 29. Qb1 Ra4 30. Bd1 Rc4 31. Be2 1/2-1/2

[Event "Mecklenburg VP LL 0607"]
[Site "Mecklenburg VP"]
[Date "2006.11.19"]
[Round "3.8"]
[White "Hasselmann, Dieter"]
[Black "Winkler, Karl"]
[Result "1-0"]
[WhiteElo "2028"]
[BlackElo "1794"]
[PlyCount "59"]
[EventDate "2006.10.15"]
[EventType "team"]
[EventRounds "9"]
[EventCountry "GER"]
[SourceTitle "EXT 2008"]
[Source "ChessBase"]
[SourceDate "2007.11.25"]
[SourceVersion "1"]
[SourceVersionDate "2007.11.25"]
[SourceQuality "1"]
[WhiteTeam "Schwerin"]
[BlackTeam "Neubrandenburg SG Eintracht"]
[WhiteTeamCountry "GER"]
[BlackTeamCountry "GER"]

1. e4 Nf6 2. Nc3 d6 3. d4 g6 4. f3 Bg7 5. Be3 c6 6. Qd2 b5 7. g4 a5 8. a3 Ba6 9. Nh3 Nbd7 10. Be2 b4 11. Na4 Bxe2 12. Kxe2 Qb8 13. b3 Qb5+ 14. Qd3 0-0 15. Nf2 Rfc8 16. axb4 axb4 17. Nb2 Rxa1 18. Rxa1 Qxd3+ 19. Nfxd3 c5 20. dxc5 Nxc5 21. Bxc5 dxc5 22. Ra7 e6 23. Nc4 Ne8 24. e5 Bf8 25. Nf2 f5 26. g5 Rc7 27. Ra8 Kf7 28. Nd3 h6 29. gxh6 Bxh6 30. Nd6+ 1-0

[Event "Mecklenburg VP LL 0607"]
[Site "Mecklenburg VP"]
[Date "2006.10.29"]
[Round "2.8"]
[White "Schulz, Bernd"]
[Black "Hasselmann, Dieter"]
[Result "1/2-1/2"]
[WhiteElo "1785"]
[BlackElo "2028"]
[PlyCount "92"]
[EventDate "2006.10.15"]
[EventType "team"]
[EventRounds "9"]
[EventCountry "GER"]
[SourceTitle "EXT 2008"]
[Source "ChessBase"]
[SourceDate "2007.11.25"]
[SourceVersion "1"]
[SourceVersionDate "2007.11.25"]
[SourceQuality "1"]
[WhiteTeam "Wismar"]
[BlackTeam "Schwerin"]
[WhiteTeamCountry "GER"]
[BlackTeamCountry "GER"]

1. e4 e5 2. Nf3 Nf6 3. d4 Nxe4 4. Bd3 d5 5. Nxe5 Nd7 6. 0-0 Nxe5 7. dxe5 Nc5 8. Be2 Bf5 9. Bg4 Bxg4 10. Qxg4 Qd7 11. Qxd7+ Nxd7 12. Re1 0-0-0 13. e6 fxe6 14. Rxe6 Bc5 15. Kf1 Rdf8 16. f3 Bd6 17. Be3 Bxh2 18. Bd4 Rf7 19. Nc3 Rd8 20. Rae1 Bg3 21. R1e2 c5 22. Bf2 Bxf2 23. Kxf2 Nf6 24. Nb5 a6 25. Nd6+ Rxd6 26. Rxd6 Ne4+ 27. Rxe4 dxe4 28. Re6 exf3 29. gxf3 Kd7 30. Rb6 Kc7 31. Re6 Kd7 32. Rb6 Ke8 33. Kg3 Rd7 34. Kf4 Kf7 35. Ke5 h5 36. Kf4 g6 37. Kg5 Rd5+ 38. Kh4 Rd4+ 39. Kg5 Rb4 40. Rf6+ Ke7 41. b3 c4 42. Rxg6 Rb5+ 43. Kh4 c3 44. Rg5 Kf6 45. Rg8 Ke5 46. Rc8 Kf4 1/2-1/2

[Event "Mecklenburg VP LL 0506"]
[Site "Mecklenburg VP"]
[Date "2006.02.19"]
[Round "7.4"]
[White "Sonnenberger, Kirsten"]
[Black "Hasselmann, Dieter"]
[Result "1-0"]
[WhiteElo "1922"]
[BlackElo "2018"]
[PlyCount "69"]
[EventDate "2005.10.23"]
[EventType "team"]
[EventRounds "9"]
[EventCountry "GER"]
[SourceTitle "EXT 2008"]
[Source "ChessBase"]
[SourceDate "2007.11.25"]
[SourceVersion "1"]
[SourceVersionDate "2007.11.25"]
[SourceQuality "1"]
[WhiteTeam "Rostock PSV II"]
[BlackTeam "Schwerin II"]
[WhiteTeamCountry "GER"]
[BlackTeamCountry "GER"]

1. e4 e5 2. Nc3 Nf6 3. f4 d5 4. fxe5 Nxe4 5. Nf3 Be7 6. d3 Nxc3 7. bxc3 c5 8. d4 Nc6 9. Be2 0-0 10. 0-0 f6 11. Bf4 Qa5 12. Bd2 fxe5 13. dxe5 Qc7 14. Bg5 Be6 15. Bxe7 Qxe7 16. c4 Rad8 17. cxd5 Bxd5 18. Qe1 Nxe5 19. Qc3 Ng4 20. Bc4 Qe3+ 21. Qxe3 Nxe3 22. Bxd5+ Rxd5 23. Rf2 Rfd8 24. Re1 Rd1 25. Rfe2 Rxe1+ 26. Nxe1 Nd5 27. Nf3 Nb4 28. Re7 Rb8 29. Ng5 Nxc2 30. Ne6 c4 31. Rxg7+ Kh8 32. Rc7 b5 33. Ng5 a5 34. Nxh7 Nb4 35. Nf6 1-0

[Event "Mecklenburg VP LL 0506"]
[Site "Mecklenburg VP"]
[Date "2006.01.29"]
[Round "6.4"]
[White "Hasselmann, Dieter"]
[Black "Pentzien, Volker"]
[Result "1-0"]
[WhiteElo "2018"]
[BlackElo "1927"]
[PlyCount "147"]
[EventDate "2005.10.23"]
[EventType "team"]
[EventRounds "9"]
[EventCountry "GER"]
[SourceTitle "EXT 2008"]
[Source "ChessBase"]
[SourceDate "2007.11.25"]
[SourceVersion "1"]
[SourceVersionDate "2007.11.25"]
[SourceQuality "1"]
[WhiteTeam "Schwerin II"]
[BlackTeam "Wismar"]
[WhiteTeamCountry "GER"]
[BlackTeamCountry "GER"]

1. e4 e5 2. Nf3 Nf6 3. Nxe5 d6 4. Nf3 Nxe4 5. Nc3 Nxc3 6. dxc3 Nd7 7. Bf4 Be7 8. Qd2 0-0 9. 0-0-0 Nc5 10. h3 Be6 11. Kb1 Qd7 12. Nd4 Qa4 13. Nxe6 fxe6 14. Be3 Ne4 15. Qe1 Rf5 16. Rd4 Qc6 17. Bd3 d5 18. f3 Nd6 19. Bxf5 Nxf5 20. Rd2 a5 21. Bd4 Bg5 22. Re2 Re8 23. Be5 a4 24. h4 Bf6 25. g4 Bxe5 26. gxf5 Bf6 27. Rxe6 Rxe6 28. Qxe6+ Qxe6 29. fxe6 Kf8 30. f4 Ke7 31. f5 g6 32. fxg6 hxg6 33. Rg1 Bxh4 34. Rxg6 Bf6 35. a3 Kxe6 36. Kc1 Kf7 37. Rg2 Ke7 38. Kd2 Be5 39. Kd3 Kd7 40. b3 Bd6 41. bxa4 Bxa3 42. c4 dxc4+ 43. Kxc4 Kc6 44. Rg6+ Bd6 45. Rh6 Kb6 46. Rh5 Ka6 47. Rh8 b6 48. Rh5 Bc5 49. Rh8 Bd6 50. Kd5 Kb7 51. Rh6 Bc5 52. Rc6 Bg1 53. Rc4 Bf2 54. Rg4 Bc5 55. a5 Ka6 56. axb6 cxb6 57. Kc4 Bf2 58. Rg2 Be3 59. Rg3 Bc5 60. Rb3 Kb7 61. Kb5 Kc7 62. Rd3 Bf2 63. Rf3 Bg1 64. Rf6 Be3 65. Rc6+ Kb7 66. Re6 Bc5 67. Rh6 Kc7 68. Rc6+ Kb7 69. Rxc5 bxc5 70. Kxc5 Kc7 71. c4 Kb7 72. Kd6 Kc8 73. Kc6 Kd8 74. Kb7 1-0

[Event "Mecklenburg VP LL 0506"]
[Site "Mecklenburg VP"]
[Date "2005.12.11"]
[Round "4.4"]
[White "Hamann, Dirk"]
[Black "Hasselmann, Dieter"]
[Result "1-0"]
[WhiteElo "1844"]
[BlackElo "2018"]
[PlyCount "131"]
[EventDate "2005.10.23"]
[EventType "team"]
[EventRounds "9"]
[EventCountry "GER"]
[SourceTitle "EXT 2008"]
[Source "ChessBase"]
[SourceDate "2007.11.25"]
[SourceVersion "1"]
[SourceVersionDate "2007.11.25"]
[SourceQuality "1"]
[WhiteTeam "Warnemuende SF Ostsee"]
[BlackTeam "Schwerin II"]
[WhiteTeamCountry "GER"]
[BlackTeamCountry "GER"]

1. e4 e5 2. Nf3 Nf6 3. Nxe5 d6 4. Nf3 Nxe4 5. Nc3 Nxc3 6. dxc3 Be7 7. Be3 Nd7 8. Qd2 Ne5 9. Be2 Be6 10. 0-0 0-0 11. Nd4 Nc4 12. Bxc4 Bxc4 13. Rfe1 Bf6 14. b3 Ba6 15. Rad1 b6 16. c4 Bb7 17. Nf5 Qd7 18. Ng3 Qg4 19. f3 Qg6 20. Qd3 Rfe8 21. Qxg6 hxg6 22. Bf2 Bc3 23. Rxe8+ Rxe8 24. Rd3 Bf6 25. Re3 Kf8 26. Rxe8+ Kxe8 27. Ne2 c5 28. Bg3 Kd7 29. Nf4 Bd8 30. Kf2 Kc6 31. a4 Bc8 32. Nd5 a6 33. Ke2 b5 34. axb5+ axb5 35. Ne3 Be7 36. cxb5+ Kxb5 37. c4+ Kc6 38. Nd5 Bd8 39. Be1 Be6 40. Nf4 Bf5 41. Nd3 Bf6 42. g4 Bc8 43. Nf4 Be5 44. Bg3 Bd4 45. Nd5 Bb7 46. Kd3 Kd7 47. f4 Bg1 48. Ke4 Ke6 49. f5+ gxf5+ 50. gxf5+ Kd7 51. Kf4 Bd4 52. h4 Bb2 53. Kg4 Bc1 54. Bf4 Bb2 55. h5 Kc6 56. Kg5 Kd7 57. Kg4 Kc6 58. Bg5 Kd7 59. f6 Ke8 60. fxg7 Bxg7 61. h6 Bxd5 62. cxd5 Bd4 63. Kf5 Kf8 64. Bf6 Bxf6 65. Kxf6 Kg8 66. h7+ 1-0

[Event "Mecklenburg VP LL 0405"]
[Site "Mecklenburg VP"]
[Date "2005.04.10"]
[Round "8.3"]
[White "Kell, Klaus"]
[Black "Hasselmann, Dieter"]
[Result "0-1"]
[WhiteElo "2008"]
[BlackElo "2007"]
[PlyCount "48"]
[EventDate "2004.10.24"]
[EventType "team"]
[EventRounds "9"]
[EventCountry "GER"]
[SourceTitle "EXT 2009"]
[Source "ChessBase"]
[SourceDate "2008.11.26"]
[SourceVersion "1"]
[SourceVersionDate "2008.11.26"]
[SourceQuality "1"]
[WhiteTeam "Torgelow Greif"]
[BlackTeam "Schwerin II"]
[WhiteTeamCountry "GER"]
[BlackTeamCountry "GER"]

1. d4 d5 2. c4 c6 3. Nc3 Nf6 4. e3 e6 5. Nf3 Nbd7 6. Bd3 dxc4 7. Bxc4 b5 8. Bd3 Bb7 9. 0-0 a6 10. Re1 c5 11. dxc5 Nxc5 12. Be2 Qc7 13. Bd2 Rd8 14. Qc1 Bd6 15. h3 0-0 16. Rd1 b4 17. Nb1 a5 18. a3 Qb8 19. Qc2 Be4 20. Qc4 Bd5 21. Qh4 Nb3 22. axb4 Bxf3 23. Bxf3 Nxa1 24. Bc3 Be5 0-1

[Event "Mecklenburg VP LL 0405"]
[Site "Mecklenburg VP"]
[Date "2005.01.16"]
[Round "5.3"]
[White "Hasselmann, Dieter"]
[Black "Emmrich, Olaf"]
[Result "1-0"]
[WhiteElo "2007"]
[BlackElo "1875"]
[PlyCount "91"]
[EventDate "2004.10.24"]
[EventType "team"]
[EventRounds "9"]
[EventCountry "GER"]
[SourceTitle "EXT 2009"]
[Source "ChessBase"]
[SourceDate "2008.11.26"]
[SourceVersion "1"]
[SourceVersionDate "2008.11.26"]
[SourceQuality "1"]
[WhiteTeam "Schwerin II"]
[BlackTeam "Ludwigslust"]
[WhiteTeamCountry "GER"]
[BlackTeamCountry "GER"]

1. e4 c6 2. d4 d6 3. Bc4 Nf6 4. Nc3 b5 5. Bd3 b4 6. Nce2 e5 7. c3 bxc3 8. bxc3 Be7 9. Nf3 Qc7 10. 0-0 Bg4 11. Ng3 Nh5 12. Re1 Nxg3 13. hxg3 Nd7 14. Ba3 0-0 15. Qa4 Nb6 16. Qa5 Bxf3 17. gxf3 Rfd8 18. Rab1 Bf6 19. dxe5 dxe5 20. Red1 Be7 21. Bc1 Rd6 22. Be3 Rad8 23. Be2 Rxd1+ 24. Rxd1 Rxd1+ 25. Bxd1 Qd6 26. Bb3 Qb8 27. Kg2 Bd8 28. Qc5 Qc7 29. f4 Be7 30. Qxe5 Qxe5 31. fxe5 Ba3 32. f4 Kf8 33. Kf3 c5 34. Bd5 Ke7 35. Ke2 f6 36. exf6+ gxf6 37. Bg8 h5 38. Kd3 Kf8 39. Bb3 Ke7 40. Bd1 f5 41. exf5 h4 42. gxh4 Kf6 43. Bg4 Nd5 44. Bd2 Ne7 45. Kc4 Nc8 46. Kb3 1-0

[Event "Mecklenburg VP LL 0304"]
[Site "Mecklenburg VP"]
[Date "2004.02.15"]
[Round "6.4"]
[White "Hasselmann, Dieter"]
[Black "Illgen, Alexander"]
[Result "1/2-1/2"]
[WhiteElo "2003"]
[BlackElo "1774"]
[PlyCount "47"]
[EventDate "2003.09.28"]
[EventType "team-tourn"]
[EventRounds "9"]
[EventCountry "GER"]
[SourceTitle "EXT 2005"]
[Source "ChessBase"]
[SourceDate "2004.11.15"]
[SourceVersion "1"]
[SourceVersionDate "2004.11.15"]
[SourceQuality "1"]
[WhiteTeam "Schwerin SF II"]
[BlackTeam "Ludwigslust"]
[WhiteTeamCountry "GER"]
[BlackTeamCountry "GER"]

1. e4 e5 2. f4 exf4 3. Nf3 g5 4. Bc4 d6 5. h4 g4 6. Ng5 Nh6 7. d4 f6 8. Bxf4 fxg5 9. Bxg5 Qd7 10. Nc3 Nf7 11. Bxf7+ Qxf7 12. Nd5 Bg7 13. Rf1 Qd7 14. Qd3 c6 15. Nf6+ Bxf6 16. Bxf6 Rf8 17. 0-0-0 Qe6 18. e5 Qxa2 19. exd6 Qa1+ 20. Kd2 Qa5+ 21. Kc1 Qa1+ 22. Kd2 Qa5+ 23. Kc1 Qa1+ 24. Kd2 1/2-1/2